| 000 | 00430cam a2200181ua 4500 | ||
|---|---|---|---|
| 020 | _c12.00 | ||
| 041 |
_aeng _h |
||
| 082 |
_a332.1 _bPAN/BA |
||
| 100 | _aPanandikar, S.G . | ||
| 245 |
_aBanking in India / _cS.G.Panandikar. _hTextual Documents |
||
| 250 |
_a7 / _b. |
||
| 260 |
_aMumbai : _bOrient-Longman Ltd , _c1963. |
||
| 300 | _a435 ; . | ||
| 365 | _a12.00 | ||
| 504 | _a | ||
| 942 | _cBK | ||
| 999 |
_c2130 _d2130 |
||